Αντιγόνη Καββαθά : χθόνια φίδια και ιερά δέντρα, 2011 = Antigoni Kavvatha : chthonic serpents and sacred trees, 2011.

Αποθηκεύτηκε σε:
Λεπτομέρειες βιβλιογραφικής εγγραφής
Κύριος συγγραφέας: Καββαθά, Αντιγόνη
Μορφή: Βιβλίο
Γλώσσα:Greek
English
Δημοσίευση: [Χ. τ. : χ. ό.], 2011.
Θέματα:
Ετικέτες: Προσθήκη ετικέτας
Δεν υπάρχουν, Καταχωρήστε ετικέτα πρώτοι!

MARC

LEADER 00000cam a2200000 a 4500
001 1/111427
008 160727s2011####gr | ||| |||| ||gre||
040 |a GR-MyUa  |b gre  |c GR-MyUa  |e AACR2 
041 0 |a gre  |a eng 
082 7 |a 700.92   |2 (23)  
100 1 |a Καββαθά, Αντιγόνη. 
245 1 0 |a Αντιγόνη Καββαθά :   |b χθόνια φίδια και ιερά δέντρα, 2011 = Antigoni Kavvatha : chthonic serpents and sacred trees, 2011.  
246 1 |i Παράλληλος τίτλος:   |a Antigoni Kavvatha :   |b chthonic serpents and sacred trees, 2011  
260 |a [Χ. τ. :   |b χ. ό.],   |c 2011.  
300 |a [12] φύλλα :   |b εικ. ;   |c 27 εκ.  
500 |a Κατάλογος έκθεσης: Fizz Gallery, Μάι 2011.  
600 1 7 |2 nlgaf  |a Καββαθά, Αντιγόνη  |v Exhibitions. 
852 |a INST  |b SYROS  |e 20160727  |h 700.92 ΚΑΒ  |p 005500012693  |q 005500012693  |t BK  |y 0 
970 |a Κοντού  |b Παρασκευή  |z 27/07/2016